Sports Quiz

Random Sports Quiz

Top 10 All Time WBAFC Goalscorers Quiz Stats

Quiz not verified by Sporcle

Challenge
Share
Tweet
Embed
Score 0/10 Timer 06:00
0 Plays Today
Goals Player % Correct
174Jeff Astle
72.7%
279Tony Brown
63.6%
112Cyrille Regis
63.6%
173Derek Kevan
18.2%
131Bob Taylor
18.2%
234Ronnie Allen
9.1%
228W.G. Richardson
9.1%
155Joe Carter
0%
140Tommy Glidden
0%
118Fred Morris
0%

You're not logged in!

Compare scores with friends on all Sporcle quizzes.
Sign Up with Email
OR
Log In

You Might Also Like...

Show Comments

Extras

Top Quizzes Today


Score Distribution

Your Account Isn't Verified!

In order to create a playlist on Sporcle, you need to verify the email address you used during registration. Go to your Sporcle Settings to finish the process.

Report this User

Report this user for behavior that violates our Community Guidelines.

Details: